00844 2200277 4500001002100000005001500021035002500036008004100061020002200102040001700124082001200141084001400153100002400167245009400191250001100285260003600296300008100332650002100413850001200434007000300446090001800449090002200467504003300489999002200522990002200544INLIS00000000001788620200604123159 a0010-021600000000974160225s2015 yoia g ind d a978-602-262-520-9 aYOPDYOGbind04222a631 a631 MUH t0 aMuhajir Utomod195000aTanpa olah tanah :bTeknologi pengolahan pertanian lahan kering /cpenulis, Muhajir Utomo aCet. 13 aYogyakarta :bGraha Ilmu,c2015 axvii, 157 halaman :bilustrasi, foto tidak berwarna, tabel, diagram ;c26 cm 4aTeknik Pertanian aYOPDYOGta aDEP 631 MUH t aCB-D.11 2015-1202 aBibliografi: halaman 149-157 aCB-D.11/2015-1202 aCB-D.11/2015-1202